Datum a čas kvízu
15
Celkem bodů
Celkový počet nahraných bodů na tomto kvízu bez doplňovacích otázek.
4.
Pořadí na kvízu
Konečné umístění týmu na tomto kvízu.
Zaznamenané odpovědi
| # | Otázka | Odpověď | Body | Výsledky |
|---|---|---|---|---|
| 1. | Vozidla taxislužeb již zřejmě... | taxametrem | 0 | |
| 2. | Hasiči z hesenského Bensheimu... | krysu | 0 | |
| 3. | V minulých dnech bylo oznámeno... | Marek Ztracený | 0 | |
| 4. | Irský oděvní řetězec, populárn... | Primark | 1 | |
| 5. | Norský biatlonista Johannes Th... | na střelnici vystřelil méněkrát, než je povoleno | 1 | |
| 6. | Karlovy Vary, Kutná Hora, Klad... | Klatovy | 1 | |
| 7. | Francium, rubidium, cesium, dr... | lithium (Li) | 0 | |
| 8. | Schillerová, Babiš, Kalousek,... | Jan Fischer | 0 | |
| 9. | Bohdalová, Kubišová, Rettigová... | Milada Horáková | 1 | |
| 10. | Komedie omylů, Zkrocení zlé že... | Mnoho povyku pro nic | 0 |